[Event "Voronezh op-B 17th"]
[Site "Voronezh"]
[Date "2013.06.17"]
[Round "7"]
[White "Bobrov, Igor E"]
[Black "Belov, Yury"]
[Result "1-0"]
[WhiteElo "2176"]
[BlackElo "1763"]
[PlyCount "63"]
[EventDate "2013.06.12"]
[EventType "swiss"]
[EventRounds "9"]
[EventCountry "RUS"]
[SourceTitle "EXT 2014"]
[Source "ChessBase"]
[SourceDate "2013.11.20"]
[SourceVersion "1"]
[SourceVersionDate "2013.11.20"]
[SourceQuality "1"]

1. Nf3 d6 2. d4 c6 3. c4 Qc7 4. Bf4 Nd7 5. Nc3 e5 6. Bg3 f5 7. e3 e4 8. Nd2 Ndf6 9. Be2 h5 10. h4 Ng4 11. Bxg4 hxg4 12. f3 exf3 13. gxf3 Nf6 14. Qe2 Nh5 15. Qf2 Nf6 16. 0-0-0 Bd7 17. e4 0-0-0 18. Rde1 g6 19. fxg4 Nxg4 20. Qf3 Qb6 21. Nb3 Qb4 22. c5 a5 23. cxd6 b6 24. e5 a4 25. Qd3 b5 26. Nc5 Bh6+ 27. Kb1 f4 28. e6 Bxe6 29. Rxe6 Qa5 30. Be1 Qa7 31. Qh3 Kb8 32. Qxg4 1-0

[Event "Voronezh op-B 17th"]
[Site "Voronezh"]
[Date "2013.06.12"]
[Round "1"]
[White "Bobrov, Igor E"]
[Black "Sadovsky, Artem"]
[Result "0-1"]
[WhiteElo "2176"]
[BlackElo "2142"]
[PlyCount "70"]
[EventDate "2013.06.12"]
[EventType "swiss"]
[EventRounds "9"]
[EventCountry "RUS"]
[SourceTitle "EXT 2014"]
[Source "ChessBase"]
[SourceDate "2013.11.20"]
[SourceVersion "1"]
[SourceVersionDate "2013.11.20"]
[SourceQuality "1"]

1. d4 g6 2. c4 c6 3. Nc3 d5 4. Bg5 Bg7 5. e3 Nf6 6. Nf3 Ne4 7. Bf4 Qa5 8. Qc2 Bf5 9. Bd3 Nxc3 10. bxc3 dxc4 11. Bxf5 Qxf5 12. Qxf5 gxf5 13. a4 Nd7 14. 0-0 Nb6 15. Rfb1 0-0-0 16. Ng5 Rdf8 17. Rb4 Nd5 18. Rxc4 Kd7 19. a5 f6 20. Nf3 Ra8 21. Kf1 Rhc8 22. Nh4 e6 23. Nf3 Bf8 24. Ke1 b5 25. axb6 Nxb6 26. Nd2 c5 27. dxc5 Nxc4 28. Nxc4 e5 29. Bg3 Bxc5 30. Kd2 Rc6 31. Kc2 Ke6 32. Ra4 Rac8 33. Kb3 Bb6 34. f3 Bxe3 35. Nxe3 Rxc3+ 0-1

[Event "Voronezh-ch"]
[Site "Voronezh"]
[Date "2008.03.06"]
[Round "9"]
[White "Klimentov, Roman"]
[Black "Bobrov, Igor E"]
[Result "1-0"]
[WhiteElo "2287"]
[BlackElo "2167"]
[PlyCount "67"]
[EventDate "2008.02.26"]
[EventType "swiss"]
[EventRounds "9"]
[EventCountry "RUS"]
[SourceTitle "CBM 123 Extra"]
[Source "ChessBase"]
[SourceDate "2008.05.06"]
[SourceVersion "1"]
[SourceVersionDate "2008.05.06"]
[SourceQuality "1"]

1. e4 c5 2. Nf3 d6 3. d4 cxd4 4. Nxd4 g6 5. c4 Bg7 6. Nc3 Nc6 7. Be3 Nf6 8. Be2 Bd7 9. 0-0 0-0 10. Rc1 Nxd4 11. Bxd4 Bc6 12. Re1 e5 13. Be3 Nxe4 14. Nxe4 Bxe4 15. Bf3 Bc6 16. Bd5 a6 17. b4 Rc8 18. a4 Qe7 19. b5 axb5 20. axb5 Bxd5 21. Qxd5 Qe6 22. Red1 Qxd5 23. Rxd5 Rfd8 24. Bb6 Bh6 25. Rc2 Ra8 26. g3 Ra1+ 27. Kg2 Rc8 28. Rxd6 Ra4 29. c5 Rb4 30. c6 bxc6 31. Rdxc6 Rb8 32. Rc8+ Rxc8 33. Rxc8+ Kg7 34. Bc5 1-0

[Event "Voronezh-ch"]
[Site "Voronezh"]
[Date "2008.02.27"]
[Round "2"]
[White "Rodin, Dmitrij"]
[Black "Bobrov, Igor E"]
[Result "1-0"]
[WhiteElo "2456"]
[BlackElo "2167"]
[PlyCount "101"]
[EventDate "2008.02.26"]
[EventType "swiss"]
[EventRounds "9"]
[EventCountry "RUS"]
[SourceTitle "CBM 123 Extra"]
[Source "ChessBase"]
[SourceDate "2008.05.06"]
[SourceVersion "1"]
[SourceVersionDate "2008.05.06"]
[SourceQuality "1"]

1. e4 c5 2. Nf3 d6 3. Bb5+ Bd7 4. Bxd7+ Qxd7 5. c4 Nc6 6. Nc3 g6 7. d4 cxd4 8. Nxd4 Bg7 9. Nde2 Nf6 10. 0-0 0-0 11. f3 a6 12. a4 Qc7 13. Be3 e6 14. b3 Rfe8 15. Rc1 Rad8 16. Nd5 Qb8 17. Nxf6+ Bxf6 18. Bb6 Rd7 19. Nc3 Bd8 20. Be3 Ba5 21. f4 Qd8 22. Qf3 Qf6 23. e5 dxe5 24. Ne4 Qg7 25. fxe5 Bd8 26. Nf6+ Bxf6 27. exf6 Qf8 28. Bb6 e5 29. Rce1 Re6 30. Qh3 Nb4 31. a5 Rd3 32. Re3 Qd6 33. Qh4 Rxe3 34. Bxe3 Nc2 35. Bb6 e4 36. Qf2 Qd3 37. Rc1 Nb4 38. Qf4 Nc6 39. Rf1 e3 40. Re1 e2 41. Bf2 Qxb3 42. h4 Qc3 43. Qc7 Qxf6 44. Qxb7 Nd4 45. Qb1 Qf4 46. Qd3 Re4 47. c5 Ne6 48. c6 Qe5 49. Qxa6 Nd4 50. c7 Qxc7 51. Qa8+ 1-0

[Event "Voronezh-ch"]
[Site "Voronezh"]
[Date "2008.02.26"]
[Round "1"]
[White "Bobrov, Igor E"]
[Black "Chuprikov, Dmitry"]
[Result "1/2-1/2"]
[WhiteElo "2167"]
[BlackElo "2433"]
[PlyCount "44"]
[EventDate "2008.02.26"]
[EventType "swiss"]
[EventRounds "9"]
[EventCountry "RUS"]
[SourceTitle "CBM 123 Extra"]
[Source "ChessBase"]
[SourceDate "2008.05.06"]
[SourceVersion "1"]
[SourceVersionDate "2008.05.06"]
[SourceQuality "1"]

1. d4 d5 2. c4 c6 3. Nf3 dxc4 4. e3 Be6 5. Nc3 b5 6. a4 b4 7. Ne4 Nf6 8. Nc5 Bd5 9. Qc2 b3 10. Qc3 Nbd7 11. Bxc4 Nxc5 12. dxc5 Rb8 13. Bd3 Bxf3 14. gxf3 Nd5 15. Qe5 e6 16. Rg1 Nb4 17. Be4 Nc2+ 18. Ke2 Rc8 19. Rd1 Qc7 20. Qxc7 Rxc7 21. Bxc2 bxc2 22. Rd2 Bxc5 1/2-1/2

[Event "Voronezh-ch sf"]
[Site "Voronezh"]
[Date "2008.01.23"]
[Round "5"]
[White "Volk, Sergey"]
[Black "Bobrov, Igor E"]
[Result "0-1"]
[WhiteElo "2053"]
[BlackElo "2181"]
[PlyCount "94"]
[EventDate "2008.01.18"]
[EventType "swiss"]
[EventRounds "9"]
[EventCountry "RUS"]
[SourceTitle "EXT 2010"]
[Source "ChessBase"]
[SourceDate "2010.11.25"]
[SourceVersion "1"]
[SourceVersionDate "2010.11.25"]
[SourceQuality "1"]

1. Nf3 Nf6 2. g3 g6 3. Bg2 Bg7 4. 0-0 0-0 5. c4 d6 6. Nc3 e5 7. d4 Nbd7 8. Qc2 c6 9. Rd1 Re8 10. h3 e4 11. Nd2 d5 12. cxd5 cxd5 13. Nb5 Re6 14. Qc7 Qf8 15. Nf1 Rc6 16. Qa5 a6 17. Nc3 b6 18. Qa4 b5 19. Qb3 Nb6 20. Bf4 Be6 21. g4 Nc4 22. a3 Rac8 23. Rac1 h5 24. g5 Nd7 25. Nxe4 dxe4 26. d5 Nc5 27. Qg3 Bxd5 28. Rxd5 Bxb2 29. Rc2 Bg7 30. Nd2 Ne6 31. Nxe4 Qxa3 32. Rd3 Qa1+ 33. Rc1 Nxf4 34. Qxf4 Qe5 35. Qxe5 Nxe5 36. Rxc6 Rxc6 37. Rd8+ Kh7 38. Nf6+ Bxf6 39. gxf6 Rxf6 40. Ra8 g5 41. Bb7 b4 42. Bxa6 b3 43. Bb7 Rb6 44. Be4+ Kg7 45. Rd8 b2 46. Rd1 Nc4 47. Kf1 b1Q 0-1

[Event "Voronezh-ch sf"]
[Site "Voronezh"]
[Date "2008.01.20"]
[Round "3"]
[White "Chernov, Vladimir1111"]
[Black "Bobrov, Igor E"]
[Result "0-1"]
[WhiteElo "2105"]
[BlackElo "2181"]
[PlyCount "69"]
[EventDate "2008.01.18"]
[EventType "swiss"]
[EventRounds "9"]
[EventCountry "RUS"]
[SourceTitle "EXT 2010"]
[Source "ChessBase"]
[SourceDate "2010.11.25"]
[SourceVersion "1"]
[SourceVersionDate "2010.11.25"]
[SourceQuality "1"]

1. e4 c5 2. f4 e6 3. Nc3 Nc6 4. Nf3 Qc7 5. e5 a6 6. Be2 d5 7. 0-0 Nh6 8. Kh1 b5 9. Qe1 Be7 10. Nd1 Nf5 11. Ne3 d4 12. Nxf5 exf5 13. d3 Be6 14. Qg3 g6 15. Bd2 Rc8 16. Rfc1 0-0 17. Ng5 Bxg5 18. Qxg5 Qe7 19. Qh6 Rfd8 20. Be1 Qf8 21. Qh3 Rd7 22. a3 Ne7 23. c3 Nc6 24. b4 c4 25. Bf2 Qd8 26. Qh4 dxc3 27. Qxd8+ Rcxd8 28. Rxc3 cxd3 29. Bf3 Ne7 30. Rd1 Bc4 31. Kg1 g5 32. fxg5 Ng6 33. g3 Nxe5 34. Kg2 Ng6 35. Bh5 0-1

[Event "Voronezh CC fin"]
[Site "Voronezh"]
[Date "2007.10.16"]
[Round "1"]
[White "Bobrov, Igor E"]
[Black "Sergienko, Sergey"]
[Result "0-1"]
[WhiteElo "2179"]
[BlackElo "2455"]
[PlyCount "74"]
[EventDate "2007.10.16"]
[EventType "swiss"]
[EventRounds "9"]
[EventCountry "RUS"]
[SourceTitle "CBM 121 Extra"]
[Source "ChessBase"]
[SourceDate "2008.01.10"]
[SourceVersion "1"]
[SourceVersionDate "2008.01.10"]
[SourceQuality "1"]

1. d4 d5 2. c4 c6 3. Nf3 Nf6 4. Nc3 dxc4 5. a4 Bg4 6. Ne5 Bh5 7. g3 e6 8. Bg2 Bb4 9. 0-0 Nd5 10. Qc2 a5 11. Nxc4 Nb6 12. Ne5 Qxd4 13. Bf4 Qd8 14. Rad1 Qe7 15. g4 Bg6 16. e4 N8d7 17. Na2 Bc5 18. Rd2 Nxe5 19. Bxe5 f6 20. Bd4 Bxd4 21. Rxd4 e5 22. Rd3 Bf7 23. Rfd1 0-0 24. b3 Rfd8 25. Nc1 Be6 26. Bh3 Rxd3 27. Qxd3 Nd7 28. g5 Nc5 29. gxf6 Qxf6 30. Bxe6+ Nxe6 31. Qc4 Rf8 32. f4 exf4 33. Rd6 Re8 34. Nd3 Kh8 35. e5 Qf5 36. Qc3 Qg4+ 37. Kf1 Qh3+ 0-1

[Event "Voronezh op-B 11th"]
[Site "Voronezh"]
[Date "2007.06.19"]
[Round "8"]
[White "Glazkov, Arseny"]
[Black "Bobrov, Igor E"]
[Result "1/2-1/2"]
[WhiteElo "2047"]
[BlackElo "2186"]
[PlyCount "73"]
[EventDate "2007.06.12"]
[EventType "swiss"]
[EventRounds "9"]
[EventCountry "RUS"]
[SourceTitle "EXT 2010"]
[Source "ChessBase"]
[SourceDate "2010.11.25"]
[SourceVersion "1"]
[SourceVersionDate "2010.11.25"]
[SourceQuality "1"]

1. e4 c5 2. Nf3 Nc6 3. d4 cxd4 4. Nxd4 g6 5. Nc3 Bg7 6. Nb3 Nf6 7. Be2 d6 8. 0-0 Be6 9. Bg5 0-0 10. f4 b5 11. Bf3 Rc8 12. Kh1 a6 13. Nd5 Nd7 14. Rb1 a5 15. c3 a4 16. Nc1 Re8 17. Qe2 Rb8 18. a3 Na5 19. Nd3 f6 20. Bh4 Bf7 21. N3b4 Qc8 22. g4 e6 23. Ne3 Nc6 24. Nxc6 Qxc6 25. Rbd1 e5 26. f5 g5 27. Bf2 Nb6 28. Nd5 Bxd5 29. exd5 Qc4 30. Bxb6 Rxb6 31. Qe4 Rc8 32. Kg2 Rb7 33. Rf2 Qb3 34. Rdd2 Qc4 35. Kg3 Qc5 36. Qd3 Re8 37. Be4 1/2-1/2

[Event "Voronezh op-B 11th"]
[Site "Voronezh"]
[Date "2007.06.15"]
[Round "4"]
[White "Bobrov, Igor E"]
[Black "Karibov, Evgeny"]
[Result "1-0"]
[WhiteElo "2186"]
[BlackElo "1933"]
[PlyCount "50"]
[EventDate "2007.06.12"]
[EventType "swiss"]
[EventRounds "9"]
[EventCountry "RUS"]
[SourceTitle "EXT 2010"]
[Source "ChessBase"]
[SourceDate "2010.11.25"]
[SourceVersion "1"]
[SourceVersionDate "2010.11.25"]
[SourceQuality "1"]

1. d4 g6 2. c4 Nf6 3. Nc3 Bg7 4. e4 0-0 5. Be2 d6 6. Nf3 e5 7. 0-0 Nc6 8. d5 Ne7 9. b4 Nh5 10. Re1 Nf4 11. Bf1 f5 12. Bxf4 exf4 13. e5 dxe5 14. Nxe5 Re8 15. Rc1 Kf8 16. c5 Ng8 17. Nf3 Nf6 18. Rxe8+ Qxe8 19. Nb5 Qd8 20. d6 cxd6 21. Nxd6 Qe7 22. Bc4 Rb8 23. Qd2 Bd7 24. Re1 Qd8 25. Ng5 Bh6 1-0

[Event "Voronezh-ch"]
[Site "Voronezh "]
[Date "2007.03.03"]
[Round "1"]
[White "Bobrov, Igor E"]
[Black "Kostin, Alexey"]
[Result "1/2-1/2"]
[WhiteElo "2186"]
[BlackElo "2386"]
[PlyCount "72"]
[EventDate "2007.03.03"]
[EventType "swiss"]
[EventRounds "9"]
[EventCountry "RUS"]
[SourceTitle "EXT 2008"]
[Source "ChessBase"]
[SourceDate "2007.11.25"]
[SourceVersion "1"]
[SourceVersionDate "2007.11.25"]
[SourceQuality "1"]

1. d4 Nf6 2. c4 e6 3. Nc3 Bb4 4. e3 c5 5. Nf3 cxd4 6. exd4 d5 7. Bd3 0-0 8. 0-0 dxc4 9. Bxc4 Nbd7 10. Qe2 Nb6 11. Bb3 Bd7 12. Ne5 Rc8 13. Ne4 Bc6 14. Nxf6+ Qxf6 15. Qg4 Be7 16. Be3 Qh4 17. Qxh4 Bxh4 18. Nxc6 Rxc6 19. Rac1 Rfc8 20. Rxc6 Rxc6 21. Rc1 Rxc1+ 22. Bxc1 Kf8 23. Kf1 Ke7 24. Ke2 f5 25. f3 Bf6 26. Kd3 h5 27. Bd2 Kd7 28. Ba5 Nc8 29. Ba4+ Ke7 30. Bb4+ Kd8 31. Bb3 Kd7 32. Ba4+ Kc7 33. Bb3 e5 34. Be6 Nd6 35. Bxd6+ Kxd6 36. Bxf5 exd4 1/2-1/2

[Event "Voronezh-ch sf"]
[Site "Voronezh"]
[Date "2007.02.13"]
[Round "7"]
[White "Chekhov, Sergey"]
[Black "Bobrov, Igor E"]
[Result "0-1"]
[WhiteElo "2168"]
[BlackElo "2186"]
[PlyCount "60"]
[EventDate "2007.02.06"]
[EventType "swiss"]
[EventRounds "9"]
[EventCountry "RUS"]
[SourceTitle "EXT 2019"]
[Source "ChessBase"]
[SourceDate "2018.10.10"]
[SourceVersion "1"]
[SourceVersionDate "2018.10.10"]
[SourceQuality "1"]

1. e4 c5 2. Nf3 Nc6 3. d4 cxd4 4. Nxd4 g6 5. Nc3 Bg7 6. Be3 Nf6 7. Nxc6 bxc6 8. e5 Ng8 9. f4 Nh6 10. Qf3 0-0 11. Bd3 Qa5 12. 0-0 Rb8 13. Rab1 d5 14. exd6 exd6 15. Qxc6 Ng4 16. Qxd6 Qh5 17. h3 Nxe3 18. Qxb8 Bd4 19. Rf2 Nxg2 20. Ne4 Nh4 21. Qb5 Nf3+ 22. Kf1 Bxh3+ 23. Ke2 Ng5+ 24. Ke1 Nxe4 25. Qxh5 Bxf2+ 26. Ke2 gxh5 27. Bxe4 Bb6 28. c4 Re8 29. Kd3 Rd8+ 30. Bd5 Bf5+ 0-1

[Event "Voronezh-ch sf"]
[Site "Voronezh"]
[Date "2007.02.07"]
[Round "2"]
[White "Bobrov, Igor E"]
[Black "Grishchenko, Vladimir"]
[Result "0-1"]
[WhiteElo "2186"]
[BlackElo "2103"]
[PlyCount "52"]
[EventDate "2007.02.06"]
[EventType "swiss"]
[EventRounds "9"]
[EventCountry "RUS"]
[SourceTitle "EXT 2019"]
[Source "ChessBase"]
[SourceDate "2018.10.10"]
[SourceVersion "1"]
[SourceVersionDate "2018.10.10"]
[SourceQuality "1"]

1. d4 Nf6 2. Nf3 g6 3. c4 Bg7 4. Nc3 d6 5. e4 0-0 6. Be2 e5 7. 0-0 Nbd7 8. Re1 Re8 9. Bf1 a5 10. d5 h6 11. g3 Nc5 12. Nh4 c6 13. Qc2 cxd5 14. cxd5 Bd7 15. Be3 Rc8 16. Bxc5 Rxc5 17. Qb3 Qc7 18. Ng2 Rb8 19. a4 Rc8 20. Ne3 h5 21. Bb5 Bh6 22. Qd1 Bh3 23. Bd3 Qb6 24. Rb1 Ng4 25. Re2 Nf6 26. Qd2 Kg7 0-1

[Event "Voronezh-ch sf"]
[Site "Voronezh"]
[Date "2007.02.06"]
[Round "1"]
[White "Abramova, Yulia"]
[Black "Bobrov, Igor E"]
[Result "0-1"]
[WhiteElo "2028"]
[BlackElo "2186"]
[PlyCount "66"]
[EventDate "2007.02.06"]
[EventType "swiss"]
[EventRounds "9"]
[EventCountry "RUS"]
[SourceTitle "EXT 2019"]
[Source "ChessBase"]
[SourceDate "2018.10.10"]
[SourceVersion "1"]
[SourceVersionDate "2018.10.10"]
[SourceQuality "1"]

1. e4 c5 2. Nf3 Nc6 3. Bb5 g6 4. Bxc6 bxc6 5. 0-0 Bg7 6. d3 e5 7. Nbd2 Ne7 8. Nc4 d6 9. h3 0-0 10. Be3 f5 11. exf5 gxf5 12. Bg5 Qc7 13. Qd2 Ng6 14. Bh6 d5 15. Bxg7 Qxg7 16. Na5 Nf4 17. g3 Nxh3+ 18. Kh2 e4 19. Nh4 f4 20. dxe4 dxe4 21. Nxc6 Be6 22. Qd6 Rf6 23. Qxc5 Raf8 24. g4 Ng5 25. Rh1 Rh6 26. Kg2 Nf3 27. Ne7+ Kf7 28. Nhg6 hxg6 29. Qc7 Ke8 30. Rad1 Qxe7 31. Qb8+ Kf7 32. Qxf4+ Kg8 33. Qxh6 Ng5 0-1

[Event "Voronezh op-B"]
[Site "Voronezh"]
[Date "2006.06.16"]
[Round "5"]
[White "Volkov, Sergei"]
[Black "Bobrov, Igor E"]
[Result "1-0"]
[WhiteElo "2159"]
[BlackElo "2247"]
[PlyCount "43"]
[EventDate "2006.06.12"]
[EventType "swiss"]
[EventRounds "9"]
[EventCountry "RUS"]
[SourceTitle "EXT 2007"]
[Source "ChessBase"]
[SourceDate "2006.11.23"]
[SourceVersion "1"]
[SourceVersionDate "2006.11.23"]
[SourceQuality "1"]

1. e4 c5 2. Nf3 Nc6 3. d4 cxd4 4. Nxd4 g6 5. c4 Bg7 6. Be3 Nf6 7. Nc3 d6 8. Be2 0-0 9. 0-0 Nxd4 10. Bxd4 a5 11. f4 Nd7 12. Kh1 Bxd4 13. Qxd4 Nc5 14. f5 Bd7 15. Rad1 Rc8 16. Nd5 Bc6 17. Bg4 Bxd5 18. exd5 Rb8 19. Rf3 b5 20. Rdf1 bxc4 21. fxg6 hxg6 22. Qf4 1-0

[Event "Voronezh op 8th"]
[Site "Voronezh"]
[Date "2004.06.20"]
[Round "9"]
[White "Bobrov, Igor E"]
[Black "Simakov, Vladislav"]
[Result "0-1"]
[WhiteElo "2318"]
[BlackElo "2129"]
[PlyCount "53"]
[EventDate "2004.06.12"]
[EventType "swiss"]
[EventRounds "9"]
[EventCountry "RUS"]
[SourceTitle "EXT 2005"]
[Source "ChessBase"]
[SourceDate "2004.11.15"]
[SourceVersion "1"]
[SourceVersionDate "2004.11.15"]
[SourceQuality "1"]

1. d4 e6 2. c4 b6 3. Nc3 Bb7 4. e4 Bb4 5. Bd3 f5 6. d5 fxe4 7. Bxe4 Qh4 8. Qe2 Nf6 9. Bf3 Ba6 10. dxe6 d5 11. g3 Qxc4 12. Qxc4 Bxc4 13. Bd2 Na6 14. b3 Bd3 15. Nxd5 Nxd5 16. Bxd5 0-0-0 17. Bf3 Bxd2+ 18. Kxd2 Bc4+ 19. Kc3 Bxe6 20. b4 c5 21. a3 Rhf8 22. Re1 Nc7 23. Be4 Nb5+ 24. Kb2 Rd2+ 25. Kc1 Rfxf2 26. Bxh7 Ba2 27. Ne2 0-1

[Event "Voronezh op 8th"]
[Site "Voronezh"]
[Date "2004.06.13"]
[Round "2"]
[White "Gurin, Anatolij"]
[Black "Bobrov, Igor E"]
[Result "0-1"]
[WhiteElo "2184"]
[BlackElo "2318"]
[PlyCount "102"]
[EventDate "2004.06.12"]
[EventType "swiss"]
[EventRounds "9"]
[EventCountry "RUS"]
[SourceTitle "EXT 2005"]
[Source "ChessBase"]
[SourceDate "2004.11.15"]
[SourceVersion "1"]
[SourceVersionDate "2004.11.15"]
[SourceQuality "1"]

1. d4 Nf6 2. c4 g6 3. Nc3 Bg7 4. e4 0-0 5. h3 d6 6. Be3 c5 7. dxc5 Qa5 8. Bd3 dxc5 9. Nf3 Rd8 10. 0-0 Nc6 11. Qb1 Nd4 12. Bxd4 cxd4 13. b4 Qh5 14. Ne2 Nd7 15. Kh2 Ne5 16. Nxe5 Qxe5+ 17. f4 Qc7 18. Kh1 b6 19. Qe1 Bb7 20. Rc1 Rac8 21. Qf2 Qd6 22. Rb1 Qe6 23. Ng3 Bf6 24. f5 Qe5 25. Qf3 Kh8 26. Ne2 Rg8 27. Qf4 g5 28. Qg4 Rc7 29. Ng3 Rgc8 30. Rbc1 Ba6 31. Nh5 Bxc4 32. Bxc4 Rxc4 33. Rxc4 Rxc4 34. Qe2 Qc7 35. e5 Bxe5 36. f6 exf6 37. Nxf6 Bxf6 38. Rxf6 Rc1+ 39. Rf1 Qf4 40. Re1 Rxe1+ 41. Qxe1 Qc7 42. Qf1 Kg7 43. Qa1 Qc3 44. Qd1 Qxb4 45. Qc1 Qc5 46. Qd1 Qe5 47. Qd3 h6 48. a4 Qe1+ 49. Kh2 Qc3 50. Qe4 d3 51. h4 d2 0-1

[Event "Voronezh op 8th"]
[Site "Voronezh"]
[Date "2004.06.12"]
[Round "1"]
[White "Bobrov, Igor E"]
[Black "Voitsekhovsky, Stanislav"]
[Result "0-1"]
[WhiteElo "2318"]
[BlackElo "2494"]
[PlyCount "104"]
[EventDate "2004.06.12"]
[EventType "swiss"]
[EventRounds "9"]
[EventCountry "RUS"]
[SourceTitle "EXT 2005"]
[Source "ChessBase"]
[SourceDate "2004.11.15"]
[SourceVersion "1"]
[SourceVersionDate "2004.11.15"]
[SourceQuality "1"]

1. d4 Nf6 2. Nf3 b5 3. e3 a6 4. Bd3 Bb7 5. Nbd2 d5 6. a4 b4 7. c3 e6 8. Ne5 c5 9. f4 Nc6 10. 0-0 Bd6 11. Qf3 Qc7 12. Qg3 0-0 13. Qh3 Ne7 14. Ndf3 Ne4 15. Bd2 c4 16. Bb1 b3 17. Be1 h6 18. Nd2 Nxd2 19. Bxd2 f5 20. g4 Rae8 21. Nf3 Bc8 22. g5 Kf7 23. Kf2 Rh8 24. Rg1 g6 25. gxh6 Rhf8 26. Qh4 Nc6 27. Rxg6 Kxg6 28. Bxf5+ exf5 29. Rg1+ Kh7 30. Rg7+ Qxg7 31. hxg7+ Kxg7 32. Qg3+ Kf6 33. Qg5+ Ke6 34. Qg6+ Kd7 35. Qg2 Ne7 36. Ng5 Rf6 37. Be1 Rh8 38. Kf1 a5 39. Nf3 Rg6 40. Bg3 Kc7 41. Ne5 Rg7 42. Kf2 Bd7 43. Qh1 Bc6 44. Qb1 Rh5 45. Qd1 Rgh7 46. Kg2 Be8 47. Qb1 Nc8 48. Nf3 Bd7 49. Ng5 Re7 50. Nf3 Rxe3 51. Qd1 Nb6 52. Ne5 Rh7 0-1

[Event "Voronezh Master op"]
[Site "Voronezh"]
[Date "2003.06.12"]
[Round "1"]
[White "Riazantsev, Alexander"]
[Black "Bobrov, Igor E"]
[Result "1-0"]
[WhiteElo "2534"]
[BlackElo "2316"]
[PlyCount "75"]
[EventDate "2003.06.12"]
[EventType "swiss"]
[EventRounds "9"]
[EventCountry "RUS"]
[SourceTitle "CBM 094 Extra"]
[Source "ChessBase"]
[SourceDate "2003.07.09"]
[SourceVersion "2"]
[SourceVersionDate "2003.07.09"]
[SourceQuality "1"]

1. d4 Nf6 2. c4 g6 3. Nc3 Bg7 4. e4 d6 5. f3 0-0 6. Be3 Nc6 7. Nge2 a6 8. Qd2 Rb8 9. Rc1 Bd7 10. Nd1 Re8 11. g3 b5 12. c5 dxc5 13. Rxc5 e5 14. d5 Nd4 15. Bg2 Bf8 16. Bxd4 exd4 17. Rc1 Qe7 18. Qxd4 Qd6 19. Nf2 Bg7 20. Qc5 Qe5 21. Nd3 Qh5 22. Rc2 Rbc8 23. 0-0 c6 24. d6 Qh6 25. Rd1 g5 26. Qe3 Qg6 27. Nc5 Rcd8 28. Qd3 Bc8 29. Rcd2 Re5 30. Qc2 g4 31. f4 Rxc5 32. Qxc5 Nxe4 33. Qb6 Bf6 34. d7 Nxd2 35. Qxd8+ Bxd8 36. dxc8Q Qd6 37. Qxg4+ Kf8 38. Kh1 1-0

[Event "Voronezh op-A"]
[Site "Voronezh"]
[Date "2000.??.??"]
[Round "9"]
[White "Bobrov, Igor E"]
[Black "Gulkov, Igor A"]
[Result "1/2-1/2"]
[WhiteElo "2426"]
[BlackElo "2491"]
[PlyCount "82"]
[EventDate "2000.06.??"]
[EventType "swiss"]
[EventRounds "9"]
[EventCountry "RUS"]
[SourceTitle "EXT 2001"]
[Source "ChessBase"]
[SourceDate "2000.11.22"]
[SourceVersion "1"]
[SourceVersionDate "2000.11.22"]
[SourceQuality "1"]

1. d4 Nf6 2. c4 g6 3. Nc3 Bg7 4. e4 d6 5. Be2 0-0 6. Nf3 e5 7. d5 a5 8. Bg5 h6 9. Bh4 Na6 10. Nd2 Qe8 11. a3 Bd7 12. b3 Nh7 13. Rb1 h5 14. f3 Bh6 15. Bf2 Qe7 16. b4 axb4 17. axb4 Rfb8 18. Bd3 h4 19. Nf1 c5 20. dxc6 bxc6 21. b5 Nc7 22. Ne3 Ng5 23. 0-0 Nge6 24. g3 hxg3 25. hxg3 Nd4 26. bxc6 Bxc6 27. Kg2 Nce6 28. Ng4 Bg7 29. Nd5 Bxd5 30. cxd5 Nc5 31. Be3 Ra2+ 32. Rf2 Rxf2+ 33. Nxf2 Rf8 34. Bxd4 exd4 35. f4 Ra8 36. Qe2 Re8 37. Bb5 Rc8 38. Bc6 f5 39. Kf3 Qf7 40. exf5 gxf5 41. Kg2 Bf6 1/2-1/2

[Event "RUS-chT B1 corr"]
[Site "Russia"]
[Date "1996.??.??"]
[Round "?"]
[White "Bobrov, Igor E"]
[Black "Aryutkin, Yury Ivanovich"]
[Result "1-0"]
[WhiteElo "2426"]
[BlackElo "2334"]
[PlyCount "75"]
[EventDate "1996.??.??"]
[EventType "team-tourn (corr)"]
[EventRounds "18"]
[EventCountry "RUS"]
[SourceTitle "Corr 2011"]
[Source "ChessBase"]
[SourceDate "2010.08.31"]
[SourceVersion "1"]
[SourceVersionDate "2010.08.31"]
[SourceQuality "1"]

1. d4 f5 2. g3 Nf6 3. Bg2 e6 4. Nf3 c6 5. 0-0 d5 6. c4 Bd6 7. Qc2 0-0 8. b3 Qe7 9. Ne5 Bd7 10. Bb2 Be8 11. Nd2 Nbd7 12. Ndf3 Bh5 13. Rac1 Ne4 14. Nd3 g5 15. Nfe5 Bg6 16. f3 Nef6 17. Qd2 Bxe5 18. dxe5 Nh5 19. Bc3 dxc4 20. bxc4 f4 21. g4 Ng7 22. e4 c5 23. h4 Rad8 24. hxg5 Nb6 25. Bb2 Na4 26. Ba3 b6 27. Qc2 Qxg5 28. Rcd1 Be8 29. Bc1 Bc6 30. Nxf4 Qxe5 31. Ne2 Rxd1 32. Rxd1 Qc7 33. f4 e5 34. f5 Rd8 35. Rf1 Qf7 36. Ng3 Kh8 37. Bh6 b5 38. g5 1-0

[Event "RUS-chT B1 corr"]
[Site "Russia"]
[Date "1996.??.??"]
[Round "?"]
[White "Bobrov, Igor E"]
[Black "Smykovski, Ivan Mikhailovich"]
[Result "1/2-1/2"]
[WhiteElo "2426"]
[BlackElo "2385"]
[PlyCount "80"]
[EventDate "1996.??.??"]
[EventType "team-tourn (corr)"]
[EventRounds "18"]
[EventCountry "RUS"]
[SourceTitle "Corr 2011"]
[Source "ChessBase"]
[SourceDate "2010.08.31"]
[SourceVersion "1"]
[SourceVersionDate "2010.08.31"]
[SourceQuality "1"]

1. d4 Nf6 2. c4 g6 3. Nc3 d5 4. cxd5 Nxd5 5. e4 Nxc3 6. bxc3 Bg7 7. Nf3 c5 8. Rb1 0-0 9. Be2 Nc6 10. d5 Ne5 11. Nxe5 Bxe5 12. Qd2 e6 13. f4 Bg7 14. c4 b6 15. Bb2 Bxb2 16. Rxb2 Ba6 17. h4 exd5 18. cxd5 Bxe2 19. Kxe2 Qd7 20. Qd3 c4 21. Qf3 Rac8 22. Kf2 b5 23. h5 a5 24. a3 c3 25. Rb3 c2 26. Rc1 Rfe8 27. e5 Rc5 28. hxg6 hxg6 29. d6 Qf5 30. g4 Qe6 31. Rd3 g5 32. Qe3 Rc4 33. f5 Qh6 34. d7 Rd8 35. Rd4 Rxd4 36. Qxd4 b4 37. axb4 axb4 38. e6 fxe6 39. Qd6 b3 40. Rh1 Qxh1 1/2-1/2